|
|
|
|
| LEADER |
00000cam a2200000 7i4500 |
| 001 |
0000003107 |
| 005 |
20040526.0 |
| 020 |
0 |
0 |
|a 0136792359
|
| 090 |
0 |
0 |
|a R631.53
|b PLA 2002
|
| 245 |
0 |
0 |
|a PLANT propagation :
|b principles and practices
|c Hudson T. Hartmann ... [et al.]
|
| 250 |
0 |
0 |
|a 7th ed.
|
| 260 |
0 |
0 |
|a Upper Saddle River, N.J. :
|b Prentice Hall ,
|c 2002
|
| 300 |
|
|
|a xv, 880 p. :
|b ill. ;
|c 29 cm. + 1 CD-ROM (4 3/4 in.).
|
| 500 |
0 |
0 |
|a Includes bibliographical references and indexes
|
| 650 |
0 |
0 |
|a Plant propagation
|
| 700 |
0 |
1 |
|a Hartmann
|h Hudson Thomas ,
|c 1914-
|
| 998 |
|
|
|a JPSM
|
| 999 |
|
|
|a 0000005572
|b Monograph
|c Reference
|e Default branch
|